| 000 | 00566nam a2200169Ia 4500 | ||
|---|---|---|---|
| 008 | 090201s9999 xx 000 0 und d | ||
| 010 | _aKPL-32678 | ||
| 040 | _bमराठी | ||
| 041 | _aमराठी | ||
| 082 |
_a36983 _b32678 |
||
| 100 | _aग ना जोशी | ||
| 245 |
_aरवींद्रनाथ टागोर _cग ना जोशी |
||
| 260 |
_c2004 _bमराठी तत्त्वज्ञान महाकोश |
||
| 300 |
_a212 _bमोठा |
||
| 600 | _aरवींद्रनाथ टागोर | ||
| 942 | _cBOOK | ||
| 999 |
_c234868 _d234868 |
||